| Поле | Инд. | ПП | Название | Значение |
|---|---|---|---|---|
| Тип записи | a | |||
| Библиографический уровень | b | |||
| 001 | Контрольный номер | RU/IS/BASE/118925246 | ||
| 005 | Дата корректировки | 20200630193150.3 | ||
| 084 | a | Индекс другой классификации/Индекс ББК | 65.271в641 | |
| a | Индекс другой классификации/Индекс ББК | 65.26в641 | ||
| 100 | 1_ | a | Автор | Мельников А. В. |
| 245 | a | Заглавие | Расчет схем гибкого страхования | |
| 504 | a | Библиография | Лит. в конце статьи | |
| 520 | a | Аннотация | "В работе, находящейся на стыке финансовой и актуарной математики, изучаются методы количественных расчетов премий и резервов для гибких схем страхования. Даются необходимые сведения и приводится описание основных подходов (актуальный резерв, статическое и динамическое хеджирование) к расчету таких инновационных схем. Особое внимание уделяется наиболее важному методу - методу динамического хеджирования, который подробно разобран как для наиболее изученного случая полных рынков (модель Блэка-Шоулса), так и для совсем не изученного случая неполных рынков (обобщенная модель Башелье со стахостической волатильностью)." | |
| 650 | a | Основная рубрика | страхование | |
| a | Основная рубрика | финансы | ||
| a | Основная рубрика | экономика | ||
| 653 | a | Ключевые слова | актуарная математика | |
| a | Ключевые слова | волатильность | ||
| a | Ключевые слова | гарантийные выплаты | ||
| a | Ключевые слова | количественные методы оценки | ||
| a | Ключевые слова | метод актуарного резерва | ||
| a | Ключевые слова | метод динамического хеджирования | ||
| a | Ключевые слова | метод статического хеджирования | ||
| a | Ключевые слова | модель Башелье | ||
| a | Ключевые слова | модель Блэка-Шоулза | ||
| a | Ключевые слова | нетто-премия | ||
| a | Ключевые слова | платежные обязательства | ||
| a | Ключевые слова | расчет премий | ||
| a | Ключевые слова | расчет финансовых резервов | ||
| a | Ключевые слова | расчеты схем страхования | ||
| a | Ключевые слова | стохастическая волатильность | ||
| a | Ключевые слова | стохастические процессы | ||
| a | Ключевые слова | страховые контракты | ||
| a | Ключевые слова | финансовая математика | ||
| a | Ключевые слова | флуктуации волатильности | ||
| a | Ключевые слова | хеджирование | ||
| a | Ключевые слова | экономико-математические методы | ||
| a | Ключевые слова | экономическая теория | ||
| 700 | a | Автор | Молибога М. М. | |
| 773 | t | Заглавие источника | Экономический журнал ВШЭ | |
| d | Дата издания источника | 2003 | ||
| g | Прочая информация | Т. 7, № 2. - С. 139 - 172 : эконом. расчет., табл. | ||
| w | Контрольный № источника | RU/IS/BASE/111596250 | ||
| 901 | t | Тип документа | b |